00301nam a2200133Ia 4500008004100000020001500041041001200056082001100068100000900079245003200088260002500120300000800145650001400153221030s9999 xx 000 0 und d a8120324137 aEnglish a105.23 aNIIT 0aWorking With Novell Netware bPHIaNew Delhic2003 a487 aComputers